00421nam a2200181Ia 4500008004000000020001500040041000800055082001600063100002400079245003400103260004100137300001100178650001000189650001100199650000700210650001200217650001000229210210b2006 xxu||||| |||| 00| 0 eng d a8183240615 aeng a331.31 CHAC aCHAKRABORTY (Sudip) aChild labour in rural context aNew DelhibMittal Publicationsc2006 axi,278 arural alabour ain acontext aChild